000 00690nam a2200205Ii 4500
003 JO-AjNU
008 230605s9999||||xx |||||||||||||| ||und||
040 _aJO-AjNU
_bara
_erda
_cJO-AjNU
041 _aara
050 1 4 _aHM831 .U436 2004
100 3 _aالعمر، معن خليل,
_eauthor
_921588
245 0 0 _aالتغير الاجتماعي
250 _aط1
264 3 1 _aعمان: دار الشروق للنشر والتوزيع، 2004
300 _a287ص
_bيحتوي على ببلوغرافية من 286-287ص
336 _atext
_btxt
_2rdacontent
337 _aunmediated
_bn
_2rdamedia
338 _avolume
_bnc
_2rdacarrier
650 4 _aالتغير الاجتماعي
_921589
999 _aA7524
_c11092
_d11092